000 00685nam a22002297a 4500
005 20250614102003.0
008 250614b |||||||| |||| 00| 0 eng d
020 _a9780495006497
_cRs.3699.00
040 _aLoreto College
041 _aEnglish
082 _a301
_bAnd
100 _aAndersen,Margaret L.
245 _aSociology
_bunderstanding a diverse society
_cMargaret L Andersen and Howrad F Taylor
250 _a4th Ed.
260 _aIndependence
_bThomson Wadsworth
_c©2006
300 _a691p.
_b28cm.
504 _aIncludes glossary,references,name index and subject index
650 _aSociology
700 _4Auth
_a Taylor,Howrad F
850 _aLCLIB
942 _cBK
999 _c44107
_d94586